| 000 | 00528nam a2200229Ia 4500 | ||
|---|---|---|---|
| 008 | 210210b1981 xxu||||| |||| 00| 0 eng d | ||
| 082 | _a583 PANT | ||
| 100 | _aPANDEY (B P) | ||
| 245 | _aTaxonomy of angiosperms systematic botany Ed 3 | ||
| 250 | _a | ||
| 260 |
_aNew Delhi _bS. Chand & Co. Ltd. _c1981 |
||
| 300 | _avi,207,ii | ||
| 650 | _aTaxonomy | ||
| 650 | _asystematic | ||
| 650 | _aof | ||
| 650 | _aEd | ||
| 650 | _abotany | ||
| 650 | _aangiosperms | ||
| 650 | _a3 | ||
| 690 | _aBotany | ||
| 906 | _aSG02648 | ||
| 999 |
_c113414 _d113414 |
||